| 000 | 01404 a2200265 4500 | ||
|---|---|---|---|
| 001 | 28714 | ||
| 005 | 20260407155557.0 | ||
| 008 | 260407a2005 arg spa d | ||
| 003 | AR-UNSa-BCEJYS | ||
| 040 |
_aAR-UNSa-BCEJYS _bspa _cAR-UNSa-BCEJYS |
||
| 080 |
_a347.56 _xResponsabilidad profesional |
||
| 245 | 1 | 0 |
_aResponsabilidad de los profesionales en ciencias económicas _pobligaciones de los profesionales en ciencias económicas desde las ópticas civil, comercial y penal |
| 020 | _a987-03-0627-3 | ||
| 264 | 1 |
_aBuenos Aires : _bLa Ley _c2005 |
|
| 300 |
_axix, 459 p. _c28 cm. |
||
| 505 | _a1. Responsabilidad civil de los profesionales en ciencias económicas - 2. Responsabilidad de los contadores independientes - 3. Responsabilidad civil de los auditores de cuentas - 4. Responsabilidad civil de síndicos societarios - 5. Responsabilidad de los profesionales en ciencias económicas, en ocasión de su desempeño como síndicos concursales - 6. Cuantificación de los daños resarcibles | ||
| 041 | _aspa | ||
| 942 | _cBK | ||
| 590 | _aniveau_biblio:m niveau_hierar:0 | ||
| 100 | 1 | _aCesano, José Daniel | |
| 700 | 1 | _aLópez Mesa, Marcelo J. | |
| 700 | 1 | _aGambino, Stella Maris | |
| 700 | 1 | _aMoyano Rodríguez, Mariano | |
| 856 | 4 | 1 |
_uhttps://biblioeco.unsa.edu.ar/pmb/images/libros/Responsabilidad de los Profesionales en Ciencias Econ?micas-l125026.jpg _yImagen de portada _qimage/jpeg |
| 999 |
_c1732 _d1732 |
||